Sports Quiz

Random Sports or NFL Quiz

NFL - Most single-season rush/rec. yds, no TDs Quiz Stats

 Plays Quiz not verified by Sporcle

Score 0/41 Timer 08:00
0 Plays Today
Category Player % Correct
ReceivingKevin Johnson
70.8%
RushingWilbur Jackson
62.8%
ReceivingHarold Jackson
62.8%
ReceivingDwayne Bowe
60.8%
RushingMelvin Gordon
53.4%
ReceivingJohn L. Williams
52.8%
RushingTerrell Davis
51%
RushingWarrick Dunn
48.3%
ReceivingAmani Toomer
46.2%
RushingKevin Faulk
43.1%
ReceivingHakeem Nicks
42.7%
ReceivingAl Toon
30.9%
ReceivingPriest Holmes
30.9%
RushingBoyce Green
29.9%
RushingMaurice Morris
26%
ReceivingRoger Craig
22.9%
ReceivingKelvin Martin
22.2%
RushingMichael Pittman
21.5%
RushingJoe Washington
19.8%
RushingJoe Washington
19.8%
ReceivingJames Wilder
18.4%
Category Player % Correct
RushingGarrison Hearst
13.9%
ReceivingJason Avant
13.5%
RushingMarcel Shipp
12.5%
ReceivingEric Parker
12.5%
RushingKenny King
11.5%
ReceivingSteve Jordan
11.5%
ReceivingKeith Byars
10.1%
RushingDon Perkins
8%
ReceivingTorry Holt
7.6%
RushingPreston Pearson
6.9%
RushingArchie Griffin
6.3%
RushingRoosevelt Potts
4.5%
ReceivingPerry Kemp
4.5%
RushingClark Gaines
3.5%
RushingCannonball Butler
3.5%
RushingTom Sullivan
2.4%
ReceivingJim Lash
2.1%
ReceivingKen Payne
1.4%
RushingJess Phillips
1.4%
ReceivingMichael Timpson
1%

You're not logged in!

Compare scores with friends on all Sporcle quizzes.
OR
Log In

Show Comments

Extras

Top Quizzes Today


Score Distribution

Your Account Isn't Verified!

In order to create a playlist on Sporcle, you need to verify the email address you used during registration. Go to your Sporcle Settings to finish the process.

Report this User

Report this user for behavior that violates our Community Guidelines.

Details: